00937 a2200169 4500003000500000005001700005040000900022082001600031100003200047245015400079260003300233300001200266505042400278650001600702651001100718700003800729NUST20251112184133.0 cNust a621.382,SAL aSaleem , Zeshan Nc (TCC-13) aRF propagation charcterization and model tunnig / calibration using asset /cNC Zeshan Saleem & NC Adeel Tariq ,NC Junaid Aslam and NC Ousama Hanif  aRawalpindibMCS (NUST)c2005 a104 p.; aIntroduction (Page-4), Propagation Models Theory (Page-6), Calibration of Propagation Models (Page-18), Diffraction Algorithms (Page-24), Effective Antenna Height Algorithms (Page-37), Clutter Verification (Page- 46), Carrying out the Drive Tests (Page-60), Model Calibration Using Asset (Page-71), Results and Comparison with OLD Model (Page-83), Utilities and Applications (Page-92),Future Enhancements (Page-103).  aUG Projects aTCC-13 aSupervised by Maj (R) Fazal Ahmed